Fishes of India / (Record no. 30294)

MARC details
000 -LEADER
fixed length control field 01079nam a22002894a 4500
005 - DATE AND TIME OF LATEST TRANSACTION
control field 20090912103051.0
008 - FIXED-LENGTH DATA ELEMENTS--GENERAL INFORMATION
fixed length control field 080724s2008 ii a b 001 0 eng
010 ## - LCCN (DPL NO)
LC control number B-358109
020 ## - INTERNATIONAL STANDARD BOOK NUMBER
International Standard Book Number 9780195687996
Terms of availability 145.00
020 ## - INTERNATIONAL STANDARD BOOK NUMBER
International Standard Book Number 019568799X
Terms of availability 145.00
035 ## - SYSTEM CONTROL NUMBER
System control number B-358109
037 ## - SOURCE OF ACQUISITION
Source of stock number/acquisition DBAD / PUB
040 ## - CATALOGING SOURCE
Original cataloging agency dpl
Language of cataloging English
082 ## - DEWEY DECIMAL CLASSIFICATION NUMBER
Classification number 597.0954
100 ## - MAIN ENTRY--PERSONAL NAME
Personal name Chhapgar, B. F.
245 ## - TITLE STATEMENT
Title Fishes of India /
Statement of responsibility, etc by B.F. Chhapgar
260 ## - PUBLICATION, DISTRIBUTION, ETC. (IMPRINT)
Place of publication, distribution, etc New Delhi
Name of publisher, distributor, etc Oxford University Press,
Date of publication, distribution, etc 2008\
270 ## - ADDRESS
Address YMCA Library Building, Jai Singh Road,
City New Delhi
Postal code 110001
300 ## - PHYSICAL DESCRIPTION
Extent 43 p. :
Other physical details ill (some col.)
Dimensions 26cm(pbk)
440 ## - SERIES STATEMENT/ADDED ENTRY--TITLE
Title Nature guides
504 ## - BIBLIOGRAPHY, ETC. NOTE
Bibliography, etc Includes bibliographical references and index
650 ## - SUBJECT ADDED ENTRY--TOPICAL TERM
Topical term or geographic name as entry element Fishes
Geographic subdivision India.
650 ## - SUBJECT ADDED ENTRY--TOPICAL TERM
Topical term or geographic name as entry element Fishes
Geographic subdivision India
Form subdivision Identification.
710 ## - ADDED ENTRY--CORPORATE NAME
Corporate name or jurisdiction name as entry element World Wildlife Fund.
942 ## - ADDED ENTRY ELEMENTS (KOHA)
Source of classification or shelving scheme Dewey Decimal Classification
Item type Children Books
Classification part 597.0954
Call number suffix CHH
Holdings
Withdrawn status Lost status Source of classification or shelving scheme Damaged status Not for loan Collection code Home library Current library Date acquired Source of acquisition Cost, normal purchase price Total Checkouts Full call number Barcode Date last seen Copy number Cost, replacement price Koha item type
    Dewey Decimal Classification     Non-fiction Janak Puri Janak Puri 12/09/2009 DBAD / PUB 145.00 31 597.0954 CHH B-358109 30/10/2012 1 145.00 Children Books

© Delhi Public Library
Hit Counter
free hit counter